00447nam a22001457a 4500999001900000020001800019040001200037082001500049100002600064245004700090260004700137300001000184942001200194952009500206 c534373d534373 a9789693703351 cMSOHAIL a808.803561 aDr.Sufia Ebaad928509 aRaagh Rut Khuwahishay Marg Aur Tanha Phool aIslamabadbNational Book Foundationcc2009 a383;p 2ddccBK 00102ddc4070aNITbNITd2020-02-18l0o808.803561pNIT-9824r2020-02-18w2020-02-18yBK